header

Finding our way (Record no. 163085)

MARC details
000 -LEADER
fixed length control field 01353nam a22003614a 4500
082 04 - DEWEY DECIMAL CLASSIFICATION NUMBER
Classification number 658.4/092
100 1# - MAIN ENTRY--AUTHOR NAME
Personal name Wheatley, Margaret J.
245 10 - TITLE STATEMENT
Title Finding our way
250 ## - EDITION STATEMENT
Edition statement 1st ed.
260 ## - PUBLICATION, DISTRIBUTION, ETC. (IMPRINT)
Place of publication San Francisco, CA :
Name of publisher Berrett-Koehler Publishers,
Year of publication c2005.
300 ## - PHYSICAL DESCRIPTION
Number of Pages x, 296 p. :
Other physical details ill.
650 #0 - SUBJECT ADDED ENTRY--TOPICAL TERM
Topical Term Leadership.
Topical Term Organizational change.
Topical Term Social values.
Topical Term Attitude change.
Topical Term Cooperativeness.
Topical Term Quality of life.
856 40 - ELECTRONIC LOCATION AND ACCESS
Uniform Resource Identifier http://site.ebrary.com/lib/rucke/Doc?id=10315425

No items available.

© 2026 Rongo University
Contact us: librarian | system librarian | Rongo university